000
00270nam a2200109Ia 4500
008
200302s9999 xx 000 0 und d
100
_a
Neil F.Jones
245
_a
The Jct Major Project Form(Usd 179.99)
260
_b
Blackwell Publishing
260
_c
2004
300
_a
437 P
999
_c
4916
_d
4916